| 000 | 01336cam a2200337 a 4500 | ||
|---|---|---|---|
| 999 |
_c57677 _d57677 |
||
| 001 | 14770363 | ||
| 005 | 20200902142819.0 | ||
| 008 | 070315s2007 nyuab b 001 0 eng | ||
| 010 | _a 2007010767 | ||
| 020 | _a9780879696849 | ||
| 020 | _a0879696842 | ||
| 035 | _a(OCoLC)ocm86090399 | ||
| 035 | _a(OCoLC)86090399 | ||
| 040 |
_aDLC _cDLC _dBAKER _dBTCTA _dC#P _dYDXCP _dDLC |
||
| 050 | 0 | 0 |
_aQH366.2 _b.E847 2007 |
| 080 | _a575.8 E-95 | ||
| 245 | 0 | 0 |
_aEvolution / _cNicholas H. Barton ... [et al.]. |
| 260 |
_aCold Spring Harbor, N.Y. : _bCold Spring Harbor Laboratory Press, _cc2007. |
||
| 300 |
_axiv, 833 p. : _bill. (chiefly col.), col. maps ; _c29 cm. |
||
| 504 | _aIncludes bibliographical references and index. | ||
| 650 | 0 |
_aEvolution (Biology) _vTextbooks. _99388 |
|
| 653 | _aევოლუცია | ||
| 653 | _aგენეტიკა | ||
| 653 | _aმოლეკულური ბიოლოგია | ||
| 700 | 1 |
_aBarton, Nicholas H. _eავტორი _99389 |
|
| 700 | 1 |
_aBriggs, Derek E. G. _eავტორი _99390 |
|
| 856 | 4 | 1 |
_3Table of contents only _uhttp://www.loc.gov/catdir/toc/ecip0713/2007010767.html |
| 906 |
_a7 _bcbc _corignew _d1 _eecip _f20 _gy-gencatlg |
||
| 942 |
_2udc _cBK |
||
| 955 |
_ajb14 2007-03-15 _ijb14 2007-03-15 _aaa07 2007-03-19 _aps10 2007-10-09 1 copy rec'd., to CIP ver. |
||